| 000 | 01827nam a2200385 c 4500 | ||
|---|---|---|---|
| 003 | BLK | ||
| 005 | 20240604102615.0 | ||
| 008 | 180412b bul|||||r ||||||| ||bul|| | ||
| 010 | _aKNG00002002000 | ||
| 020 |
_a954-497-107-X _bиздат.: Унив. изд. Стопанство |
||
| 040 | _aBLK | ||
| 041 |
_aBUL _cBUL |
||
| 080 |
_aИкономическа психология. Икономическо поведение. Физиологични и психологични елементи. Интереси. Икономически дух _b330.16 _x _z330.16 |
||
| 080 |
_aЕтика на бизнеса. Успех _b174.4 _x _z174.4 |
||
| 700 | 1 |
_aЖелева, Елена _eпрев. от англ. _9241560 |
|
| 700 | 1 |
_aБъргър, Бриджит _eред. _9243748 |
|
| 139 |
_aКултура на предприемачеството _bК 93 |
||
| 245 | 1 | 0 |
_aКултура на предприемачеството _bСборник _cпрев. от англ. Елена Желева; ред. Бриджит Бъргър. |
| 257 | _aUSA | ||
| 260 |
_аСофия _bУнив. изд. Стопанство _c1994 |
||
| 300 |
_a284 с. _bс табл. _c23 см |
||
| 380 | _a3 | ||
| 490 | 1 | _aСъвременна икономическа мисъл | |
| 500 | _aОриг. загл. The Culture of entrepreneurship / Ed. by Brigitte Berger. - 3 051 тир. | ||
| 650 | 4 |
_aПоведение - в бизнеса _9243749 |
|
| 650 | 4 |
_aБизнес - етични проблеми _9243750 |
|
| 653 | _aпредприемачество | ||
| 653 | _aбизнес етикет | ||
| 852 | _aЦб 178712 | ||
| 856 | 4 |
_qpdf _u |
|
| 856 | 4 |
_qpdf _u |
|
| 942 |
_cKNG _n0 _06 |
||
| 944 |
_aCR _c15.01.2003 _k30564 _lГалина Якимова |
||
| 944 |
_aED _c11.12.2014 _kВиолета_Тройчева |
||
| 999 |
_c1200 _d1200 |
||